00406nam a2200157Ia 4500008004100000020001800041082001600059100002400075245004300099250000800142260002700150300001200177500002400189650001800213700001700231230524s9999 xx 000 0 und d a9780195687118 a658.45bTEN aSuresh D. Tendulkar 0aUnderstanding Reforms: Post 1991 India aIST aNEW YORKbOxfordc2007 aVII;206 aQuantity Number: 2 aMiscellaneous a T.A.Bhavani